| 000 | 00791nam a2200229 a 4500 | ||
|---|---|---|---|
| 001 | 13044 | ||
| 003 | BD-JhCC | ||
| 005 | 20230615085757.0 | ||
| 008 | 230614b13841424bg |||| ||a| 000 0 ben d | ||
| 020 | _a8172931123 | ||
| 035 | _a(BD-JhCC)13044 | ||
| 040 |
_aBD-JhCC _dBD-JhCC |
||
| 041 | _aBengali | ||
| 082 | _bBAN 1424 | ||
| 100 | _aবন্দ্যাপাধ্যায়, তারাশস্কর | ||
| 245 |
_aগণদেবতা / _c তারাশস্কর বন্দ্যাপাধ্যায়। |
||
| 260 |
_aঢাকা: _bমিত্র ও ঘোষ; _c1424. |
||
| 300 |
_a240 p. : _c20 cm. |
||
| 500 | _a১৯৬৭’র জ্ঞানপীঠ পুরস্কার প্রাপ্ত। | ||
| 650 | _aBenglai Novel | ||
| 942 |
_2ddc _cBK |
||
| 999 |
_c13044 _d13044 |
||